000
00332pab a2200133 454500
008
180718b xxu||||| |||| 00| 0 eng d
100
_a
Bhandari, J.S.
245
_a
Forests and tribes: a macro level perspective
650
_a
Tribes
650
_a
Forests
700
_a
Channa, Subhadra Mitra
773
_a
Mainstream
909
_a
22184
999
_c
22184
_d
22184